|
|
|
|
| LEADER |
00000nab a2200000 a 4500 |
| 001 |
vtls008420437 |
| 003 |
SK-MaSNL |
| 005 |
20260304195749.0 |
| 008 |
150409c2005 xo qr|p|||||||000 b|slo |
| 015 |
|
|
|a SNBRB2005/12
|2 snkbucl
|
| 038 |
|
|
|a SNKBUCL
|
| 040 |
|
|
|a SNKBUCL
|b slo
|c SNKBUCL
|e AACR2
|
| 041 |
0 |
|
|a slo
|
| 044 |
|
|
|a xo
|c SK
|
| 080 |
|
|
|a 621.791-051:658.562
|2 1997
|
| 080 |
|
|
|a 006.063
|2 1997
|
| 080 |
|
|
|a 658.562
|2 1997
|
| 245 |
0 |
0 |
|a Zoznam zváračských technológov preškolených podľa platnej legislatívy z bezpečnostných ustanovení Skúšobnou organizáciou č. 10
|
| 300 |
|
|
|b Tab.
|
| 650 |
0 |
7 |
|a zváračskí technológovia
|2 snkbucl
|9 31842
|
| 650 |
0 |
7 |
|a personálna certifikácia
|2 snkbucl
|9 1270519
|
| 773 |
0 |
|
|t Zvárač
|g Roč. II, č. 3 (2005), s. 55
|x 1336-5045
|
| 852 |
|
|
|a SNK
|b KIS3GCP
|
| 999 |
|
|
|c 3082896
|d 3084826
|